00521nam a2200193 a 4500001001300000003000900013005001700022008004100039020002300080082001700103100003000120245003900150260003600189300000900225500003500234505001000269650001800279700003000297nice12345678IN_TiNIC20260116013747.0050524s1996 newa grp 000 0 eng  a8173047 c47500a340.59bBHA1 aBhattaharyya, Parnasabari aConceptualization in the Manusmrti aNew Delhi bManohar Pub. c1996 a297p aincludes index and biblioraphy2 aIndex aManu-The Laws1 aBhattaharyya, Parnasabari